LEADER 00860naa a2200205 i 4500 001 000000104161 003 CaOOAMICUS 005 20220803112342.0 008 011105s1961 gw 000 u mul u 013 $a76348 040 $aSeMil$bita 100 1 $aCrusius, Otto.$0(OLS)http://semarc/name/44127 245 10$aParoemiographica /$ctextgeschichtliches Zur alten Dichtung und Religion von Otto Crusius. 260 $aHildesheim :$bOlms,$c1961. 300 $aP. 204-324 ;$c23 cm. 500 $aMit einer Untersuchung über den Atheniensis 1083 / von S. Kugéas. - Fac simile dell'ed. : München : Königlich Bayerischen Akademie der Wissenschaften, 1910. 773 0 $tSupplementum.$w()351089 996 $6245$aParoemiographica$9(OLS)http://semarc/title/151071 996 $6260$aHildesheim :$bOlms$9(OLS)http://semarc/publisher/30322 LEADER 01169nam a2200277 i 4500 001 000000114417 003 CaOOAMICUS 005 20190513100428.0 008 030509s2001 it u000 u ita u 013 $a87103 020 $a88-420-6220-0 040 $aSeMil$bita 100 1 $aFodor, Jerry A.$0(OLS)http://semarc/name/47839 245 10$aMente e linguaggio /$cFodor A. Jerry ; a cura di Francesco Ferretti. 260 $aRoma [etc.] :$bGLF editori Laterza,$c2001. 300 $aXXXII, 227 p. ;$c21 cm. 490 0 $aBiblioteca di cultura moderna ;$v1154 650 4$aFilosofia della mente.$0(OLS)http://semarc/subject/11808 700 1 $aFerretti, Francesco,$d<1961- >.$0(OLS)http://semarc/name/47840 830 0$aBiblioteca di cultura moderna ;$v1154.$0(OLS)http://semarc/title/639 850 $aSeMil 852 $aSeMil$W1$xVenegono$y1$m2P VII 357$j212617$B69992$CSeMilBibl$Z2$F75391 $81 996 $6020$a88-420-6220-0$9(OLS)http://semarc/number/97726 996 $6245$aMente e linguaggio$9(OLS)http://semarc/title/167237 996 $6260$aRoma [etc.] :$bGLF editori Laterza$9(OLS)http://semarc/publisher/31642